Добровольное применение и обязательное исполнение требований документов по стандартизации; Стандарты и качество; № 5

Bibliografiske detaljer
Parent link:Стандарты и качество: научно-технический журнал/ Российская Федерация, Государственный комитет по стандартизации и метрологии (Госстандарт России).— , 1980-.— 0038-9692
№ 5.— 2003.— С. 28-30
Hovedforfatter: Блинов В. Вячеслав
Sprog:russisk
Udgivet: 2003
Serier:Стандартизация: практика, методика, теория
Fag:
Format: MixedMaterials Book Chapter
KOHA link:https://koha.lib.tpu.ru/cgi-bin/koha/opac-detail.pl?biblionumber=459353

MARC

LEADER 00000naa2a2200000 4500
001 459353
005 20231101085136.0
035 |a (RuTPU)RU\TPU\prd\123137 
035 |a RU\TPU\prd\15521 
090 |a 459353 
100 |a 20111020a2003 k y0rusy50 ca 
101 0 |a rus 
102 |a RU 
200 1 |a Добровольное применение и обязательное исполнение требований документов по стандартизации  |f В. Блинов 
225 1 |a Стандартизация: практика, методика, теория 
320 |a Библиогр.: 1 назв. 
461 1 |0 (RuTPU)RU\TPU\prd\992  |x 0038-9692  |t Стандарты и качество  |o научно-технический журнал  |f Российская Федерация, Государственный комитет по стандартизации и метрологии (Госстандарт России)  |d 1980- 
463 1 |0 (RuTPU)RU\TPU\prd\123127  |t № 5  |v С. 28-30  |d 2003 
610 1 |a стандартизация 
610 1 |a документы 
610 1 |a документация 
610 1 |a требования 
610 1 |a рыночная экономика 
610 1 |a стандарты 
700 1 |a Блинов  |b В.  |g Вячеслав 
801 1 |a RU  |b 63413507  |c 20030624  |g PSBO 
801 2 |a RU  |b 63413507  |c 20111020  |g PSBO 
942 |c BK